000 00455nam a2200169Ia 4500
008 230917s9999||||xx |||||||||||||| ||und||
020 _cGBP70.99
040 _e254901
_aMAIN
041 _aEnglish
082 _a005.7 T326B
100 _aThai, My T, ed.
245 0 _aBig data in complex and social networks
260 _aBoca Raton
_bCRC Press
_c2017
300 _ax, 242 p.
500 _a3441 04/03/2019 PBA19/1493 25/03/2019 UGC Grant
942 _cBK
999 _c30793
_d30793